[Event "SWE-chT 1920 Elite"]
[Site "Sweden"]
[Date "2020.01.31"]
[Round "6"]
[White "Persson, Mats"]
[Black "Shirov, Alexei"]
[Result "1-0"]
[WhiteElo "2283"]
[BlackElo "2677"]
[PlyCount "135"]
[EventDate "2019.10.18"]
[EventType "team-tourn"]
[EventRounds "9"]
[EventCountry "SWE"]
[SourceTitle "EXT 2023"]
[Source "ChessBase"]
[SourceDate "2022.10.05"]
[SourceVersion "1"]
[SourceVersionDate "2022.10.05"]
[SourceQuality "1"]
[WhiteTeam "Burgsvik Alva"]
[BlackTeam "Wasa"]
[WhiteTeamCountry "SWE"]
[BlackTeamCountry "SWE"]

1. d4 Nf6 2. Bf4 c5 3. e3 d5 4. c3 Nc6 5. Nd2 Bg4 6. Be2 Bxe2 7. Nxe2 e6 8. 0-0 Be7 9. Bg5 cxd4 10. cxd4 0-0 11. Nc3 Nd7 12. Bxe7 Qxe7 13. Rc1 Rfc8 14. a3 Nb6 15. Na4 Nc4 16. Rc2 b5 17. Nc5 e5 18. Ncb3 e4 19. Qh5 Qd6 20. Rfc1 g6 21. Qg5 f5 22. Nb1 Nd8 23. Nc5 Nf7 24. Qg3 Qxg3 25. hxg3 Nfd6 26. b3 Nb6 27. Na6 Rd8 28. Rc5 Nb7 29. Rxb5 Rac8 30. Rxc8 Rxc8 31. Nc5 Nd8 32. Nc3 Nc6 33. a4 Rd8 34. Ne6 Rd7 35. a5 Nc8 36. Nxd5 Kf7 37. Ng5+ Kg7 38. Ne6+ Kf7 39. Ndf4 Nd6 40. Rd5 Nb4 41. Rc5 a6 42. Rc1 h6 43. Nc5 Ra7 44. Ra1 Nb7 45. Ra4 Nc6 46. b4 Nxc5 47. bxc5 Rb7 48. g4 fxg4 49. d5 g3 50. fxg3 Rb1+ 51. Kf2 Nb4 52. c6 Ke7 53. c7 Kd7 54. d6 g5 55. Rxb4 Rxb4 56. Nd5 Rb2+ 57. Ke1 Rc2 58. Nb6+ Kxd6 59. c8Q Rxc8 60. Nxc8+ Kd7 61. Nb6+ Kc6 62. Kd2 Kb5 63. Kc3 Kxa5 64. Nc4+ Kb5 65. Nd6+ Kc5 66. Nxe4+ Kd5 67. Kd3 a5 68. g4 1-0

[Event "NOR-chT 1718"]
[Site "Norway"]
[Date "2017.12.01"]
[Round "1.3"]
[White "Persson, Mats"]
[Black "Borresen, Georg S"]
[Result "1-0"]
[WhiteElo "2312"]
[BlackElo "2253"]
[PlyCount "117"]
[EventDate "2017.11.03"]
[EventType "team-tourn"]
[EventRounds "9"]
[EventCountry "NOR"]
[SourceTitle "CBM 181 Extra"]
[Source "ChessBase"]
[SourceDate "2017.12.12"]
[SourceVersion "1"]
[SourceVersionDate "2017.12.12"]
[SourceQuality "1"]
[WhiteTeam "OSS"]
[BlackTeam "Black Knights"]
[WhiteTeamCountry "NOR"]
[BlackTeamCountry "NOR"]

1. e4 c5 2. Nf3 d6 3. Bb5+ Nc6 4. Bxc6+ bxc6 5. 0-0 e5 6. c3 f5 7. exf5 Bxf5 8. d4 cxd4 9. cxd4 e4 10. Nfd2 Nf6 11. f3 Qb6 12. Nxe4 Be7 13. Ng3 Bxb1 14. Rxb1 0-0 15. Nf5 Nd5 16. Nxe7+ Nxe7 17. Be3 Nd5 18. Bf2 Rae8 19. Re1 h6 20. Qd2 Qd8 21. Bg3 Qd7 22. Rxe8 Rxe8 23. Re1 Rxe1+ 24. Qxe1 Kf7 25. a3 Qe6 26. Qd1 Nb6 27. b3 Nd5 28. Qd3 Ke7 29. Kf2 Kd7 30. h3 Nc7 31. Bf4 Qd5 32. Be3 Ne6 33. Ke2 h5 34. a4 h4 35. Kd2 Kc7 36. Qc4 Qf5 37. Kc3 Kd7 38. d5 cxd5 39. Qb5+ Ke7 40. Bxa7 Qe5+ 41. Kc2 Nd4+ 42. Bxd4 Qxd4 43. Qe2+ Kd7 44. Kb1 Qc3 45. Qb5+ Ke6 46. Qe8+ Kf6 47. Qf8+ Ke6 48. Qg8+ Kd7 49. Qxd5 Qe1+ 50. Kc2 Qa1 51. Qb7+ Kd8 52. Qb8+ Kd7 53. Qb5+ Ke6 54. Qc4+ Kd7 55. Qc3 Qf1 56. Qxg7+ Kc6 57. Qc3+ Kb7 58. Qb4+ Ka7 59. Qa5+ 1-0

[Event "EU-Cup 33rd"]
[Site "Antalya"]
[Date "2017.10.13"]
[Round "6.4"]
[White "Persson, Mats"]
[Black "Basgonul, Bekir Serkan"]
[Result "1-0"]
[WhiteElo "2292"]
[BlackElo "1878"]
[PlyCount "63"]
[EventDate "2017.10.08"]
[EventType "team-swiss"]
[EventRounds "7"]
[EventCountry "TUR"]
[SourceTitle "CBM 181"]
[Source "ChessBase"]
[SourceDate "2017.11.10"]
[SourceVersion "1"]
[SourceVersionDate "2017.11.10"]
[SourceQuality "1"]
[WhiteTeam "Oslo Schakselskap"]
[BlackTeam "Genc Ara"]
[WhiteTeamCountry "NOR"]
[BlackTeamCountry "TUN"]

1. e4 c5 2. Nf3 Nc6 3. Bb5 g6 4. Bxc6 dxc6 5. d3 Bg7 6. h3 b6 7. Nc3 e5 8. Be3 Ne7 9. Qd2 h6 10. 0-0-0 Be6 11. Nh2 Qd7 12. f4 exf4 13. Bxf4 g5 14. Bg3 f5 15. h4 f4 16. Bf2 0-0-0 17. g3 Ng6 18. gxf4 Nxf4 19. Be3 Nh3 20. hxg5 hxg5 21. Nf3 Bg4 22. Rdf1 Bxf3 23. Rxf3 g4 24. Rf5 c4 25. Rhf1 Qd6 26. Rf7 Rhf8 27. Qg2 Rxf7 28. Rxf7 Qg6 29. Rxa7 Kb8 30. Qg3+ Rd6 31. Rxg7 Qf6 32. Rd7 1-0

[Event "EU-Cup 32nd"]
[Site "Novi Sad"]
[Date "2016.11.12"]
[Round "7.5"]
[White "Persson, Mats"]
[Black "Fodor, Tamas Jr"]
[Result "1/2-1/2"]
[WhiteElo "2314"]
[BlackElo "2493"]
[PlyCount "76"]
[EventDate "2016.11.06"]
[EventType "team-swiss"]
[EventRounds "7"]
[EventCountry "SRB"]
[SourceTitle "CBM 176"]
[Source "ChessBase"]
[SourceDate "2017.01.17"]
[SourceVersion "1"]
[SourceVersionDate "2017.01.17"]
[SourceQuality "1"]
[WhiteTeam "Oslo Schakselskap"]
[BlackTeam "Cheddleton"]
[WhiteTeamCountry "NOR"]
[BlackTeamCountry "ENG"]

1. d4 d5 2. Nf3 Nf6 3. g3 b5 4. Bg2 e6 5. 0-0 Nbd7 6. c3 Nb6 7. Bg5 Bb7 8. Nbd2 c5 9. dxc5 Bxc5 10. Nb3 Be7 11. Na5 Qc8 12. Nxb7 Qxb7 13. Qd3 Nbd7 14. Nd2 Rd8 15. Qc2 h6 16. Bxf6 Nxf6 17. e4 dxe4 18. Nxe4 Qb6 19. Nxf6+ Bxf6 20. Rfd1 0-0 21. Rxd8 Rxd8 22. Rd1 Rxd1+ 23. Qxd1 b4 24. Qb3 bxc3 25. Qxb6 axb6 26. bxc3 Bxc3 27. h4 g6 28. a4 Kg7 29. Bc6 f5 30. f4 Kf6 31. Kg2 g5 32. hxg5+ hxg5 33. Kf3 g4+ 34. Kg2 Be1 35. Bd7 Ke7 36. Bc8 Kd6 37. Kh2 Kd5 38. Kg2 Kd6 1/2-1/2

[Event "EU-Cup 32nd"]
[Site "Novi Sad"]
[Date "2016.11.08"]
[Round "3.5"]
[White "Persson, Mats"]
[Black "Van der Werf, Mark"]
[Result "1/2-1/2"]
[WhiteElo "2314"]
[BlackElo "2412"]
[PlyCount "117"]
[EventDate "2016.11.06"]
[EventType "team-swiss"]
[EventRounds "7"]
[EventCountry "SRB"]
[SourceTitle "CBM 176"]
[Source "ChessBase"]
[SourceDate "2017.01.17"]
[SourceVersion "1"]
[SourceVersionDate "2017.01.17"]
[SourceQuality "1"]
[WhiteTeam "Oslo Schakselskap"]
[BlackTeam "Leiden LSG"]
[WhiteTeamCountry "NOR"]
[BlackTeamCountry "NED"]

1. e4 e5 2. Nf3 Nc6 3. d4 exd4 4. Bc4 Nf6 5. 0-0 Nxe4 6. Re1 d5 7. Bxd5 Qxd5 8. Nc3 Qd7 9. Rxe4+ Be7 10. Nxd4 f5 11. Rf4 0-0 12. Nxc6 Qxc6 13. Qd5+ Qxd5 14. Nxd5 Bd8 15. Rd4 c6 16. Nc3 Bb6 17. Ra4 Bc7 18. g3 b5 19. Rd4 Be5 20. Rd3 Ba6 21. Rd7 b4 22. Na4 Bb5 23. Nc5 Rae8 24. a3 a5 25. axb4 axb4 26. Raa7 Ra8 27. Rab7 Ra1 28. Nb3 Rb1 29. Kg2 Ba6 30. Rxb4 Bc8 31. Ra7 Bxb2 32. Nc5 Rxc1 33. Rxb2 f4 34. gxf4 Rd1 35. Nd3 h6 36. Rc7 Kh7 37. Ra2 Be6 38. Raa7 Rg8 39. Kf3 Rg1 40. Nb4 Rc8 41. Ke3 Bd5 42. Kd2 Rf8 43. Nxd5 cxd5 44. Ke3 Rf5 45. Rf7 Rxf7 46. Rxf7 Rc1 47. Rc7 Kg6 48. Rc8 Kf6 49. h4 Ke6 50. Rc6+ Kf5 51. Rc7 g6 52. Kf3 h5 53. Rc5 Ke6 54. Rc6+ Kf5 55. Rc8 Ke6 56. Re8+ Kf6 57. Rc8 Ke6 58. Re8+ Kf6 59. Rc8 1/2-1/2

[Event "SWE-chT 1516"]
[Site "Sweden"]
[Date "2016.03.20"]
[Round "9"]
[White "Johansson, Linus"]
[Black "Persson, Mats"]
[Result "1-0"]
[WhiteElo "2423"]
[BlackElo "2259"]
[PlyCount "121"]
[EventDate "2015.11.06"]
[EventType "team-tourn"]
[EventRounds "9"]
[EventCountry "SWE"]
[SourceTitle "EXT 2018"]
[Source "ChessBase"]
[SourceDate "2017.10.13"]
[SourceVersion "1"]
[SourceVersionDate "2017.10.13"]
[SourceQuality "1"]
[WhiteTeam "Limhamn"]
[BlackTeam "Burgsvik Alva"]
[WhiteTeamCountry "SWE"]
[BlackTeamCountry "SWE"]

1. c4 e5 2. g3 Nc6 3. Bg2 g6 4. Nc3 Bg7 5. e4 d6 6. Nge2 f5 7. d3 Nf6 8. exf5 Bxf5 9. 0-0 Qd7 10. Bg5 0-0 11. Bxf6 Bxf6 12. Nd5 Bg7 13. b4 Bg4 14. Ne3 Bh3 15. b5 Bxg2 16. Kxg2 Ne7 17. Rb1 a6 18. a4 axb5 19. axb5 Ra3 20. Rb3 Ra5 21. Nc3 Bh6 22. Qg4 Qxg4 23. Nxg4 Bg7 24. Ne3 Rf7 25. Ne4 Bh6 26. Ng4 Nf5 27. b6 Bf8 28. bxc7 Rxc7 29. Rfb1 Ra7 30. Ne3 Nxe3+ 31. fxe3 Rf7 32. Rf1 Ra2+ 33. Rf2 Raxf2+ 34. Nxf2 Bh6 35. Nd1 e4 36. dxe4 Rc7 37. Kf3 Rxc4 38. Rxb7 Bg7 39. Rd7 Be5 40. Nf2 Rc6 41. Nd3 Bg7 42. h3 Rb6 43. h4 Be5 44. Nf4 Rb8 45. g4 Rf8 46. Rb7 Rf7 47. Rb5 h6 48. g5 hxg5 49. hxg5 Kg7 50. Kg4 Ra7 51. Rb4 Kf7 52. Rc4 Rb7 53. Ra4 Rc7 54. Kf3 Rb7 55. Nd3 Ke6 56. Ra6 Rf7+ 57. Nf4+ Ke7 58. Kg4 Bxf4 59. Ra7+ Ke6 60. Rxf7 Kxf7 61. exf4 1-0

[Event "Budapest FS03 IM"]
[Site "Budapest"]
[Date "2016.03.13"]
[Round "8"]
[White "Terbe, Julianna"]
[Black "Persson, Mats"]
[Result "0-1"]
[WhiteElo "2183"]
[BlackElo "2269"]
[PlyCount "204"]
[EventDate "2016.03.05"]
[EventType "tourn"]
[EventRounds "9"]
[EventCountry "HUN"]
[EventCategory "1"]
[SourceTitle "CBM 171 Extra"]
[Source "ChessBase"]
[SourceDate "2016.04.26"]
[SourceVersion "1"]
[SourceVersionDate "2016.04.26"]
[SourceQuality "1"]

1. e4 e5 2. Nf3 Nc6 3. d4 exd4 4. Nxd4 Bb4+ 5. c3 Bc5 6. Nxc6 bxc6 7. Bd3 Qh4 8. 0-0 Nf6 9. Qf3 0-0 10. Bf4 Bb6 11. h3 d5 12. Nd2 Be6 13. Rad1 Rfe8 14. e5 Nh5 15. Bh2 g5 16. Bf5 Bxf5 17. Qxf5 Ng3 18. Bxg3 Qxg3 19. Nf3 h6 20. Qd7 Re6 21. Nd4 Qxe5 22. Nxe6 Qxe6 23. Qxe6 fxe6 24. Rde1 Re8 25. Re5 Bc5 26. Rd1 Kf7 27. c4 Be7 28. Kf1 a5 29. Re3 a4 30. Ke2 Rb8 31. Rd2 Bd6 32. g3 Kf6 33. Kd1 Rb4 34. Rde2 e5 35. c5 Rd4+ 36. Ke1 Bxc5 37. Rxe5 Bb4+ 38. Kf1 Rd1+ 39. Kg2 Bd6 40. Re6+ Kg7 41. Kf3 Rd4 42. Re8 h5 43. Rd8 Kf6 44. Rh8 h4 45. gxh4 gxh4 46. Rg8 Rf4+ 47. Kg2 Kf5 48. Rg7 Rb4 49. a3 Rc4 50. f3 Bg3 51. Rf7+ Kg6 52. Ree7 Rc2+ 53. Kf1 Be5 54. f4 Bxb2 55. f5+ Kg5 56. f6 Bxf6 57. Re8 Rc4 58. Rg8+ Kf5 59. Rgf8 Rf4+ 60. Ke2 Re4+ 61. Kd3 Re6 62. Rxc7 Ke5 63. Rfc8 Kf4 64. Rxc6 Re3+ 65. Kd2 Be5 66. Ra8 Rxa3 67. Rca6 Rxh3 68. Rxa4+ d4 69. Rf8+ Ke4 70. Re8 Rh2+ 71. Kd1 Rg2 72. Ra5 Rg5 73. Ra3 Kf4 74. Rf8+ Kg4 75. Ra5 h3 76. Ke2 h2 77. Rf1 Rh5 78. Rh1 Kg3 79. Kd3 Kg2 80. Raa1 Rh4 81. Rae1 Bg3 82. Rxh2+ Kxh2 83. Re2+ Kg1 84. Ra2 Bf2 85. Ra8 Rg4 86. Ke2 Kg2 87. Rf8 Be3 88. Rf7 Rg6 89. Rf8 Kg3 90. Rf7 Kg4 91. Kd3 Rg5 92. Ke4 Kg3 93. Kd3 Ra5 94. Ke4 Ra3 95. Rb7 Kf2 96. Rb2+ Ke1 97. Rb1+ Ke2 98. Rb2+ Kd1 99. Rg2 Rc3 100. Rh2 d3 101. Kxe3 d2+ 102. Kd4 Kc2 0-1

[Event "Budapest FS03 IM"]
[Site "Budapest"]
[Date "2016.03.09"]
[Round "5"]
[White "Banas, Jan"]
[Black "Persson, Mats"]
[Result "1/2-1/2"]
[WhiteElo "2262"]
[BlackElo "2269"]
[PlyCount "104"]
[EventDate "2016.03.05"]
[EventType "tourn"]
[EventRounds "9"]
[EventCountry "HUN"]
[EventCategory "1"]
[SourceTitle "CBM 171 Extra"]
[Source "ChessBase"]
[SourceDate "2016.04.26"]
[SourceVersion "1"]
[SourceVersionDate "2016.04.26"]
[SourceQuality "1"]

1. Nf3 d5 2. g3 c6 3. Bg2 Bg4 4. b3 Nd7 5. Bb2 Ngf6 6. 0-0 e6 7. d3 Be7 8. Nbd2 0-0 9. h3 Bxf3 10. Bxf3 a5 11. a3 e5 12. e3 Bd6 13. Bg2 Qe7 14. c4 b5 15. Qc2 Rfb8 16. a4 bxc4 17. bxc4 Bb4 18. Rab1 Nc5 19. cxd5 cxd5 20. Bxe5 Qxe5 21. d4 Qe8 22. dxc5 Rc8 23. Qa2 Rxc5 24. Nb3 Rc3 25. Rfc1 Rac8 26. Rxc3 Rxc3 27. Rd1 Qc6 28. Nd4 Qc5 29. Nb5 Rc4 30. Qb3 h5 31. Bf3 h4 32. g4 Rc1 33. Kg2 Rxd1 34. Qxd1 Qc4 35. Nd4 g6 36. Ne2 Ne4 37. Qd4 Qxd4 38. exd4 Bd2 39. Bxe4 dxe4 40. f3 f5 41. gxf5 gxf5 42. d5 Kf7 43. Nd4 Kf6 44. d6 exf3+ 45. Kxf3 Bc3 46. d7 Ke7 47. Nxf5+ Kxd7 48. Nxh4 Kc6 49. Ke4 Kc5 50. Kd3 Kb4 51. Nf3 Bg7 52. Nd2 Kxa4 1/2-1/2

[Event "Budapest FS03 IM"]
[Site "Budapest"]
[Date "2016.03.08"]
[Round "4"]
[White "Persson, Mats"]
[Black "Lyell, Mark"]
[Result "1/2-1/2"]
[WhiteElo "2269"]
[BlackElo "2167"]
[PlyCount "150"]
[EventDate "2016.03.05"]
[EventType "tourn"]
[EventRounds "9"]
[EventCountry "HUN"]
[EventCategory "1"]
[SourceTitle "CBM 171 Extra"]
[Source "ChessBase"]
[SourceDate "2016.04.26"]
[SourceVersion "1"]
[SourceVersionDate "2016.04.26"]
[SourceQuality "1"]

1. e4 e6 2. d4 d5 3. Nc3 Nf6 4. Bg5 Bb4 5. e5 h6 6. Bc1 Ne4 7. Qg4 g6 8. Nge2 c5 9. a3 Bxc3+ 10. bxc3 cxd4 11. cxd4 Nc6 12. Qh3 Bd7 13. Qd3 Ne7 14. c3 Qa5 15. a4 a6 16. Ra3 Bxa4 17. f3 Ng5 18. h4 Nh7 19. Bxh6 Bb5 20. Rxa5 Bxd3 21. g4 Nc6 22. Ra3 Nf8 23. Bg5 Nd7 24. h5 gxh5 25. gxh5 b5 26. h6 0-0 27. Kd2 Bh7 28. Rg1 Kh8 29. Nf4 Bf5 30. Nh5 Kh7 31. Bf6 Bg6 32. Bd3 b4 33. cxb4 Nxd4 34. Ke3 Bxd3 35. Rg7+ Kxh6 36. Kxd4 Bg6 37. Nf4 Nxf6 38. exf6 e5+ 39. Kxe5 Rfe8+ 40. Kd4 Rad8 41. Nxg6 fxg6 42. Re7 Rf8 43. Rxa6 Rb8 44. Kc5 Rfc8+ 45. Kxd5 Rxb4 46. Re4 Rb5+ 47. Ke6 Rf5 48. Kd7 Rc3 49. f4 Rf3 50. Ke7 R5xf4 51. Rxf4 Rxf4 52. Ra8 Re4+ 53. Kd6 Rf4 54. Ke6 Re4+ 55. Kf7 Kh7 56. Ra1 g5 57. Ra5 Rb4 58. Rxg5 Rb7+ 59. Ke8 Rb8+ 60. Kd7 Rb7+ 61. Kd6 Rb4 62. Ke5 Rb5+ 63. Kf4 Rb4+ 64. Kf5 Rb5+ 65. Kg4 Rb1 66. Rg7+ Kh8 67. Rd7 Kg8 68. Rg7+ Kf8 69. Rd7 Rg1+ 70. Kf5 Rf1+ 71. Ke6 Re1+ 72. Kd6 Rd1+ 73. Kc7 Rxd7+ 74. Kxd7 Kf7 75. Kd6 Kxf6 1/2-1/2

[Event "Budapest FS03 IM"]
[Site "Budapest"]
[Date "2016.03.06"]
[Round "2"]
[White "Persson, Mats"]
[Black "Klasan, Vladimir"]
[Result "1/2-1/2"]
[WhiteElo "2269"]
[BlackElo "2415"]
[PlyCount "81"]
[EventDate "2016.03.05"]
[EventType "tourn"]
[EventRounds "9"]
[EventCountry "HUN"]
[EventCategory "1"]
[SourceTitle "CBM 171 Extra"]
[Source "ChessBase"]
[SourceDate "2016.04.26"]
[SourceVersion "1"]
[SourceVersionDate "2016.04.26"]
[SourceQuality "1"]

1. e4 c5 2. Nf3 d6 3. Nc3 a6 4. g3 Nc6 5. Bg2 Bg4 6. h3 Bxf3 7. Qxf3 g6 8. 0-0 Bg7 9. Qd1 e6 10. d3 Nge7 11. Be3 0-0 12. Qd2 Rc8 13. Bh6 Bxh6 14. Qxh6 Nd4 15. Qd2 Qa5 16. Rfd1 Qb4 17. Rab1 Nec6 18. f4 b5 19. a3 Qa5 20. Ra1 Qb6 21. Kh2 b4 22. Na4 Qb5 23. b3 Ne7 24. Qf2 a5 25. axb4 axb4 26. Nb2 d5 27. Ra2 Ra8 28. Rda1 Qb7 29. exd5 Nxd5 30. Nc4 Rxa2 31. Rxa2 Ra8 32. Rxa8+ Qxa8 33. Ne3 Qa1 34. Bxd5 exd5 35. f5 Qc1 36. fxg6 hxg6 37. Kg2 Kg7 38. g4 g5 39. Kh2 Kg6 40. Kg2 Kg7 41. Kh2 1/2-1/2

[Event "Riga Tech op 4th"]
[Site "Riga"]
[Date "2014.08.16"]
[Round "1"]
[White "Fridman, Daniel"]
[Black "Persson, Mats"]
[Result "1-0"]
[WhiteElo "2639"]
[BlackElo "2263"]
[PlyCount "105"]
[EventDate "2014.08.16"]
[EventType "swiss"]
[EventRounds "9"]
[EventCountry "LAT"]
[SourceTitle "CBM 161 Extra"]
[Source "ChessBase"]
[SourceDate "2014.08.29"]
[SourceVersion "1"]
[SourceVersionDate "2014.08.29"]
[SourceQuality "1"]

1. d4 d5 2. c4 e6 3. Nf3 c5 4. cxd5 exd5 5. g3 Nc6 6. Bg2 Nf6 7. 0-0 Be7 8. Nc3 0-0 9. dxc5 Bxc5 10. Na4 Be7 11. Be3 Bg4 12. Rc1 Rc8 13. h3 Be6 14. Nc5 b6 15. Nxe6 fxe6 16. Qa4 Qd7 17. Rc2 Nb4 18. Qxd7 Nxd7 19. Rxc8 Rxc8 20. a3 Nc6 21. Rc1 Bf6 22. Nd4 Bxd4 23. Bxd4 Nf6 24. e3 Kf7 25. Bf1 Ne7 26. Rd1 Ng6 27. Bd3 Nf8 28. g4 h6 29. f4 N8d7 30. g5 Ng8 31. e4 hxg5 32. fxg5 e5 33. Bb5 exd4 34. Bxd7 Rd8 35. Bc6 dxe4 36. Bxe4 Ne7 37. h4 Ke6 38. Re1 Nf5 39. Bd3+ Ne3 40. Kf2 Ke5 41. Kg3 Rf8 42. h5 Rf4 43. h6 Rg4+ 44. Kf3 Rxg5 45. h7 Rh5 46. Rg1 Kf6 47. Rg6+ Kf7 48. Rd6 Rh3+ 49. Kf4 g6 50. Bxg6+ Kg7 51. Bb1 Rh5 52. Rd7+ Kf6 53. Rd8 1-0

[Event "London Classic op 5th"]
[Site "London"]
[Date "2013.12.15"]
[Round "9"]
[White "Persson, Mats"]
[Black "Johannesson, Oliver Aron"]
[Result "1-0"]
[WhiteElo "2250"]
[BlackElo "2078"]
[PlyCount "71"]
[EventDate "2013.12.07"]
[EventType "swiss"]
[EventRounds "9"]
[EventCountry "ENG"]
[SourceTitle "CBM 157 Extra"]
[Source "ChessBase"]
[SourceDate "2013.12.19"]
[SourceVersion "1"]
[SourceVersionDate "2013.12.19"]
[SourceQuality "1"]

1. d4 d5 2. c4 c6 3. Nf3 Nf6 4. Qb3 dxc4 5. Qxc4 Bg4 6. Nc3 Nbd7 7. e4 e6 8. Be3 Qa5 9. Nd2 Be7 10. h3 Bh5 11. f4 Bg6 12. 0-0-0 0-0 13. Bd3 b5 14. Qb3 Nd5 15. Nxd5 cxd5 16. Kb1 dxe4 17. Nxe4 Nb6 18. g4 Nd5 19. Bd2 b4 20. Rhf1 f6 21. f5 exf5 22. Nc5 Bxc5 23. dxc5 Rad8 24. c6 Kh8 25. gxf5 Bh5 26. Rc1 Rb8 27. Bc4 Bf7 28. c7 Rbc8 29. Bxb4 Nxb4 30. Bxf7 Rxc7 31. Be6 Rb8 32. Rxc7 Qxc7 33. Rc1 Qd6 34. Rd1 Qc5 35. a3 Na6 36. Qxb8+ 1-0

[Event "London Classic op 5th"]
[Site "London"]
[Date "2013.12.13"]
[Round "7"]
[White "Sarkar, Justin"]
[Black "Persson, Mats"]
[Result "1-0"]
[WhiteElo "2425"]
[BlackElo "2250"]
[PlyCount "79"]
[EventDate "2013.12.07"]
[EventType "swiss"]
[EventRounds "9"]
[EventCountry "ENG"]
[SourceTitle "CBM 157 Extra"]
[Source "ChessBase"]
[SourceDate "2013.12.19"]
[SourceVersion "1"]
[SourceVersionDate "2013.12.19"]
[SourceQuality "1"]

1. d4 Nf6 2. c4 e6 3. Nc3 Bb4 4. Qc2 d5 5. cxd5 exd5 6. Bg5 h6 7. Bh4 c5 8. dxc5 g5 9. Bg3 Nc6 10. e3 Ne4 11. Bd3 Bf5 12. Nge2 Qa5 13. 0-0 Bxc3 14. Bxe4 dxe4 15. Qxc3 0-0 16. Qf6 Bg6 17. Rad1 Rfe8 18. Rd7 Qxa2 19. Nc3 Qc4 20. Nd5 Re6 21. Qc3 Qxc3 22. bxc3 Rd8 23. Rxd8+ Nxd8 24. Bc7 Nc6 25. Rb1 Kg7 26. Rxb7 Bf5 27. Nb4 Nxb4 28. cxb4 a6 29. Bd6 Bg4 30. Kf1 Bd1 31. Ke1 Ba4 32. g4 Kg6 33. Kd2 f5 34. Rb6 Bb5 35. Kc3 fxg4 36. Kd4 Kf7 37. Kd5 Rf6 38. c6 Rxf2 39. Rxb5 Rd2+ 40. Ke5 1-0

[Event "London Classic op 5th"]
[Site "London"]
[Date "2013.12.12"]
[Round "6"]
[White "Persson, Mats"]
[Black "Andersson, Tommy"]
[Result "1/2-1/2"]
[WhiteElo "2250"]
[BlackElo "2370"]
[PlyCount "43"]
[EventDate "2013.12.07"]
[EventType "swiss"]
[EventRounds "9"]
[EventCountry "ENG"]
[SourceTitle "CBM 157 Extra"]
[Source "ChessBase"]
[SourceDate "2013.12.19"]
[SourceVersion "1"]
[SourceVersionDate "2013.12.19"]
[SourceQuality "1"]

1. e4 c6 2. d4 d5 3. Nc3 dxe4 4. Nxe4 Bf5 5. Nc5 b6 6. Nb3 e6 7. Bd3 Bxd3 8. Qxd3 Bd6 9. Nf3 Nf6 10. Bg5 Nbd7 11. 0-0 0-0 12. Rfe1 Qc7 13. Rad1 h6 14. Bxf6 Nxf6 15. c4 Rfd8 16. Qe2 c5 17. dxc5 Bxc5 18. Nxc5 Qxc5 19. b3 Qc7 20. h3 Rxd1 21. Rxd1 Rd8 22. Rxd8+ 1/2-1/2

[Event "London Classic op 5th"]
[Site "London"]
[Date "2013.12.09"]
[Round "3"]
[White "Persson, Mats"]
[Black "Villiers, Thomas"]
[Result "1-0"]
[WhiteElo "2250"]
[BlackElo "2078"]
[PlyCount "99"]
[EventDate "2013.12.07"]
[EventType "swiss"]
[EventRounds "9"]
[EventCountry "ENG"]
[SourceTitle "CBM 157 Extra"]
[Source "ChessBase"]
[SourceDate "2013.12.19"]
[SourceVersion "1"]
[SourceVersionDate "2013.12.19"]
[SourceQuality "1"]

1. d4 Nf6 2. c4 e6 3. Nf3 b6 4. g3 Bb7 5. Bg2 Bb4+ 6. Bd2 Qe7 7. 0-0 0-0 8. Bf4 d5 9. c5 bxc5 10. a3 Ba5 11. dxc5 c6 12. Bd6 Qd8 13. Bxf8 Qxf8 14. b4 Bc7 15. Nbd2 a5 16. Qc2 Ba6 17. Rfe1 Nbd7 18. e4 dxe4 19. Nxe4 Nd5 20. Nc3 N7f6 21. Nxd5 Nxd5 22. Nd4 axb4 23. Bxd5 cxd5 24. axb4 Bc4 25. Rxa8 Qxa8 26. Qc3 e5 27. Nf5 f6 28. Ra1 Qe8 29. Ne3 Bb5 30. Nxd5 Bd8 31. Qb3 Kf8 32. Ra8 Qd7 33. Ne3 Bc6 34. Ra1 Be7 35. Qc4 g6 36. Rb1 Bb5 37. Qd5 Qc7 38. Qe6 Bd7 39. Qxe7+ Kxe7 40. Nd5+ Kd8 41. Nxc7 Kxc7 42. b5 Bc8 43. Rd1 f5 44. Rd6 f4 45. gxf4 exf4 46. Rf6 g5 47. Rf7+ Kb8 48. c6 Be6 49. Rxh7 Bd5 50. Rh5 1-0

[Event "EU-Cup 29th"]
[Site "Rhodes"]
[Date "2013.10.24"]
[Round "5.5"]
[White "Vuilleumier, Alexandre"]
[Black "Persson, Mats"]
[Result "0-1"]
[WhiteElo "2325"]
[BlackElo "2238"]
[PlyCount "80"]
[EventDate "2013.10.20"]
[EventType "team-swiss"]
[EventRounds "7"]
[EventCountry "GRE"]
[SourceTitle "CBM 157"]
[Source "ChessBase"]
[SourceDate "2013.11.12"]
[SourceVersion "1"]
[SourceVersionDate "2013.11.12"]
[SourceQuality "1"]
[WhiteTeam "Geneve"]
[BlackTeam "Oslo"]
[WhiteTeamCountry "SUI"]
[BlackTeamCountry "NOR"]

1. e4 e5 2. Nf3 Nc6 3. d4 exd4 4. Nxd4 Bb4+ 5. c3 Bc5 6. Nxc6 bxc6 7. Bd3 Ne7 8. 0-0 0-0 9. Qh5 d6 10. Bg5 f6 11. Bh4 Ng6 12. b4 Bb6 13. Na3 Be6 14. Nc4 Qd7 15. h3 Bxh3 16. Bg3 Bg4 17. Qh2 Ne5 18. Bxe5 fxe5 19. a4 a5 20. b5 Bc5 21. Qg3 cxb5 22. axb5 a4 23. Ne3 Be6 24. Nd5 Bxd5 25. exd5 Rf4 26. c4 a3 27. Ra2 Raf8 28. Qh2 g6 29. g3 Rf3 30. Be4 Rc3 31. Kg2 Rxc4 32. f3 Rb4 33. Rh1 Qf7 34. Qh3 Rxb5 35. Qe6 Qxe6 36. dxe6 Rb6 37. f4 exf4 38. Bd5 Kg7 39. Re1 c6 40. Bf3 fxg3 0-1

[Event "Vienna op 18th"]
[Site "Vienna"]
[Date "2013.08.25"]
[Round "9"]
[White "Vyskocil, Neklan"]
[Black "Persson, Mats"]
[Result "1/2-1/2"]
[WhiteElo "2398"]
[BlackElo "2218"]
[PlyCount "51"]
[EventDate "2013.08.17"]
[EventType "swiss"]
[EventRounds "9"]
[EventCountry "AUT"]
[SourceTitle "CBM 156 Extra"]
[Source "ChessBase"]
[SourceDate "2013.10.22"]
[SourceVersion "1"]
[SourceVersionDate "2013.10.22"]
[SourceQuality "1"]

1. c4 e5 2. Nc3 Nc6 3. g3 g6 4. Bg2 Bg7 5. Rb1 a5 6. d3 d6 7. a3 f5 8. e3 Nf6 9. Nge2 0-0 10. 0-0 Be6 11. Nd5 Bf7 12. Nec3 Qd7 13. b4 axb4 14. axb4 Nxd5 15. Nxd5 Rfb8 16. b5 Ne7 17. Qb3 Nxd5 18. cxd5 b6 19. Bd2 Ra7 20. Ra1 Rba8 21. Rxa7 Rxa7 22. e4 Be8 23. Rb1 Qc8 24. Bh3 Bd7 25. Kg2 Bf6 26. Qc4 1/2-1/2

[Event "Oslo Nordstrand op"]
[Site "Oslo"]
[Date "2013.04.13"]
[Round "2"]
[White "Gyldenas, Ole Jorn"]
[Black "Persson, Mats"]
[Result "1-0"]
[WhiteElo "2018"]
[BlackElo "2237"]
[PlyCount "107"]
[EventDate "2013.04.12"]
[EventType "swiss"]
[EventRounds "5"]
[EventCountry "NOR"]
[SourceTitle "CBM 154 Extra"]
[Source "ChessBase"]
[SourceDate "2013.06.25"]
[SourceVersion "2"]
[SourceVersionDate "2013.06.25"]
[SourceQuality "1"]

1. d4 d5 2. Nf3 e6 3. g3 c5 4. Bg2 Nc6 5. 0-0 Nf6 6. c4 Be7 7. cxd5 exd5 8. Nc3 0-0 9. h3 b6 10. Ne5 Bb7 11. Nxc6 Bxc6 12. dxc5 bxc5 13. Qc2 Qb6 14. Rd1 Rfd8 15. Bg5 Qb7 16. Rac1 c4 17. Be3 a5 18. Rd2 a4 19. a3 Ra5 20. Rcd1 Rd7 21. Bd4 g6 22. Kh2 Kf8 23. e3 Kg8 24. f4 h6 25. Be5 Kf8 26. e4 dxe4 27. Rxd7 Nxd7 28. Bd6 f5 29. Qd2 Qb6 30. Bxe7+ Kxe7 31. Qd6+ Kf7 32. Rd2 Rc5 33. g4 Qb8 34. gxf5 Qxd6 35. Rxd6 gxf5 36. Rxh6 Nf6 37. Rh8 Be8 38. Bf1 Kg7 39. Rh4 Rc7 40. Kg1 Bd7 41. Be2 Rb7 42. Nd1 Be6 43. Kf1 Rb3 44. Kf2 Rxb2 45. Nxb2 c3 46. Nd3 exd3 47. Bxd3 Bb3 48. Ke2 Be6 49. Kd1 Bb3+ 50. Kc1 Kg6 51. Rh8 Ng8 52. Bc2 Kg7 53. Rh5 Ne7 54. Bxf5 1-0